LEADER 00992nam 2200349 450 001 990000508190203316 010 $a88-317-5585-4 035 $a0050819 035 $aUSA010050819 035 $a(ALEPH)000050819USA01 035 $a0050819 100 $a20010614d1992----km-y0itay0103----ba 101 $aita 102 $aIT 105 $a||||||||001yy 200 1 $aDaniele Calabi$earchitetture e progetti 1932-1964 210 $aVenezia$cMarsilio$d1992 215 $a174 p.$cill.$d29 cm 300 $aCatalogo della Mostra tenuta a Padova nel 1992$aSegue: Appendici 410 $12001 606 0 $aCalabi, Daniele 676 $a720.92 700 1$aCALABI,$bDaniele$023901 801 0$aIT$bsalbc$gISBD 912 $a990000508190203316 951 $a720.92 DAN$b147162 LM$c720.92 959 $aBK 979 $aPATTY$b90$c20010614$lUSA01$h1205 979 $c20020403$lUSA01$h1659 979 $aPATRY$b90$c20040406$lUSA01$h1635 996 $aDaniele Calabi$9887125 997 $aUNISA LEADER 00973nam--2200373---450- 001 990006090270203316 005 20151022105656.0 010 $a978-5-9533-2577-6 035 $a000609027 035 $aUSA01000609027 035 $a(ALEPH)000609027USA01 035 $a000609027 100 $a20151022d2008----km-y0itay50------ba 101 $arus 102 $aRU 105 $a||||||||001yy 200 1 $aRusskaya Italiya$fS.Yu. Nechaev 210 $aMoskva$cVe?e$d2008 215 $a319 p.$cill.$d21 cm 225 2 $aRusskie za granicej 410 0$12001$aRusskie za granicej 454 1$12001 461 1$1001-------$12001 606 0 $aEmigranti russi 676 $a325.247 700 1$aNECHAEV,$bS. Yu.$0714945 801 0$aIT$bsalbc$gISBD 912 $a990006090270203316 951 $aVIII.1.E. 128$b11325 LIN 959 $aBK 969 $aUMA 979 $aMARANO$b90$c20151022$lUSA01$h1056 996 $aRusskaya Italiya$91382807 997 $aUNISA LEADER 01231nam a2200277 i 4500 001 991002491789707536 008 140414s 1970 fr 000 0 fre d 035 $ab14182920-39ule_inst 040 $aDip. di Studi Umanistici$bita 082 0 $a194 100 1 $aMalebranche, Nicolas :$cde$0457354 245 10$aOeuvres completes de Malebranche.$n21,$pIndex des citations bibliques /$cpar Pierre Clair ;$bIndex des citations patristiques / par Michel Lacombe ; Index des citations philosophiques et scientifiques / par André Robinet 246 30$aIndex des citations bibliques 260 $aParis :$bVrin,$c1970 300 $a400 p. ;$c23 cm 700 1 $aClair, Pierre$eauthor$4http://id.loc.gov/vocabulary/relators/aut$0416656 700 1 $aLacombe, Michel 700 1 $aRobinet, André 740 02$aIndex des citations patristiques 740 02$aIndex des citations philosophiques et scientifiques 907 $a.b14182920$b08-10-15$c14-04-14 912 $a991002491789707536 945 $aLE005IF XXIV G 21$g1$i2005000357541$lle005$op$pE71.25$q-$rl$s- $t0$u0$v0$w0$x0$y.i15699481$z08-10-15 996 $aOeuvres completes de Malebranche$91443518 997 $aUNISALENTO 998 $ale005$b14-04-14$cm$da $e-$ffre$gfr $h0$i0